LEADER 01470nam 2200469 450 001 9910480163803321 010 $a1-74224-411-4 035 $a(CKB)4100000007157079 035 $a(MiAaPQ)EBC5581038 035 $a(MiAaPQ)EBC5694648 035 $a(EXLCZ)994100000007157079 100 $a20190416d2018 uy 0 101 0 $aeng 135 $aurcnu|||||||| 181 $ctxt$2rdacontent 182 $cc$2rdamedia 183 $acr$2rdacarrier 200 00$aBack from the brink, 1997-2001$iThe Howard government$hVolume II /$fedited byTom Frame 210 1$aSydney, New South Wales :$cUNSW Press,$d2018. 215 $a1 online resource (xxv, 342 pages) 300 $aIncludes index. 311 $a1-74223-581-6 320 $aIncludes bibliographical references and indexes. 606 $aFederal government$zAustralia$xHistory 606 $aElections$zAustralia$y1996 606 $aPrime ministers$zAustralia 606 $aPolitical leadership$zAustralia 607 $aAustralia$xPolitics and government$y1996- 608 $aElectronic books. 615 0$aFederal government$xHistory. 615 0$aElections 615 0$aPrime ministers 615 0$aPolitical leadership 676 $a994.05092 702 $aFrame$b T. R$g(Thomas R.),$f1962- 801 0$bMiAaPQ 801 1$bMiAaPQ 801 2$bMiAaPQ 906 $aBOOK 912 $a9910480163803321 996 $aBack from the brink, 1997-2001$91930684 997 $aUNINA LEADER 02384oas 2200901 a 450 001 9910333150303321 005 20251114213013.0 011 $a1476-9417 035 $a(DE-599)ZDB2098969-6 035 $a(DE-599)2098969-6 035 $a(OCoLC)45232735 035 $a(CONSER) 00208368 035 $a(CKB)111006469464224 035 $a(EXLCZ)99111006469464224 100 $a20001026b19992003 sy a 101 0 $aeng 181 $ctxt$2rdacontent 182 $cc$2rdamedia 183 $acr$2rdacarrier 200 00$aClinical acupuncture and oriental medicine 210 $a[San Diego, CA] $cHarcourt Health Sciences$d©1999-©2004 215 $a1 online resource 300 $aRefereed/Peer-reviewed 300 $aTitle from issue table of contents (ScienceDirect, viewed February 18, 2006). 311 08$a1461-1449 531 0 $aClin. acupunct. orient. med. 606 $aAcupuncture$vPeriodicals 606 $aMedicine, Oriental$vPeriodicals 606 $aAcupuncture Therapy 606 $aMedicine, East Asian Traditional 606 $aAcupuncture$2fast$3(OCoLC)fst00796357 606 $aMedicine, Oriental$2fast$3(OCoLC)fst01015304 608 $aPeriodical. 608 $aPeriodicals.$2fast 608 $aPeriodicals.$2lcgft 615 0$aAcupuncture 615 0$aMedicine, Oriental 615 12$aAcupuncture Therapy. 615 22$aMedicine, East Asian Traditional. 615 7$aAcupuncture. 615 7$aMedicine, Oriental. 676 $a615 676 $a615.892 712 02$aSociety for Acupuncture Research 712 02$aNational Academy of Acupuncture and Oriental Medicine 801 0$bDLC 801 1$bDLC 801 2$bCAS 801 2$bOCLCQ 801 2$bOCL 801 2$bTXA 801 2$bVRC 801 2$bDLC 801 2$bBUF 801 2$bOCLCQ 801 2$bOCLCF 801 2$bOCLCO 801 2$bVT2 801 2$bOCLCO 801 2$bOCLCQ 801 2$bOCLCO 801 2$bOCLCQ 801 2$bOCLCO 801 2$bZ5A 801 2$bOCLCO 801 2$bOCLCA 801 2$bCUS 801 2$bBWN 801 2$bOCLCQ 801 2$bOCLCO 801 2$bOCLCQ 801 2$bU3W 801 2$bOCLCQ 801 2$bOCLCL 906 $aJOURNAL 912 $a9910333150303321 996 $aClinical acupuncture and oriental medicine$91898943 997 $aUNINA